Получение образцов материалов методом электроискрового диспергирования и исследование их свойств; Энергетика: эффективность, надежность, безопасность; Т. 2

Podrobná bibliografie
Parent link:Энергетика: эффективность, надежность, безопасность: материалы XX Всероссийской научно-технической конференции, 2-4 декабря 2014 г., Томск/ Национальный исследовательский Томский политехнический университет (ТПУ) [и др.] ; ред. кол. В. В. Литвак [и др.].— , 2014
Т. 2.— 2014.— [С. 118-121]
Korporace: Национальный исследовательский Томский политехнический университет (ТПУ) Институт неразрушающего контроля (ИНК) Кафедра экологии и безопасности жизнедеятельности (ЭБЖ), Национальный исследовательский Томский политехнический университет (ТПУ) Институт физики высоких технологий (ИФВТ) Лаборатория № 12
Další autoři: Немцова О. А. Ольга Александровна, Лемачко А. Н., Мартемьянов Д. В. Дмитрий Владимирович, Мухортова Ю. Р. Юлия Руслановна, Журавков С. П. Сергей Петрович
Shrnutí:Заглавие с титульного экрана
Jazyk:ruština
Vydáno: 2014
Edice:Экология и защита окружающей среды
Témata:
On-line přístup:http://earchive.tpu.ru/handle/11683/25625
http://www.lib.tpu.ru/fulltext/c/2014/C15/V2/041.pdf
Médium: MixedMaterials Elektronický zdroj Kapitola
KOHA link:https://koha.lib.tpu.ru/cgi-bin/koha/opac-detail.pl?biblionumber=610986

MARC

LEADER 00000naa2a2200000 4500
001 610986
005 20250527121758.0
035 |a (RuTPU)RU\TPU\conf\8628 
035 |a RU\TPU\conf\8625 
090 |a 610986 
100 |a 20150209d2014 k y0rusy50 ca 
101 0 |a rus 
102 |a RU 
135 |a drcn ---uucaa 
181 0 |a i  
182 0 |a b 
200 1 |a Получение образцов материалов методом электроискрового диспергирования и исследование их свойств  |f О. А. Немцова, А. Н. Лемачко, Д. В. Мартемьянов [и др.] 
203 |a Текст  |c электронный 
225 1 |a Экология и защита окружающей среды 
300 |a Заглавие с титульного экрана 
320 |a [Библиогр.: с. 120-121 (11 назв.)] 
337 |a Adobe Reader 
461 1 |0 (RuTPU)RU\TPU\conf\8486  |t Энергетика: эффективность, надежность, безопасность  |o материалы XX Всероссийской научно-технической конференции, 2-4 декабря 2014 г., Томск  |o в 2 т.  |f Национальный исследовательский Томский политехнический университет (ТПУ) [и др.] ; ред. кол. В. В. Литвак [и др.]  |d 2014 
463 0 |0 (RuTPU)RU\TPU\conf\8490  |t Т. 2  |v [С. 118-121]  |d 2014 
610 1 |a труды учёных ТПУ 
610 1 |a электронный ресурс 
610 1 |a электроискровое диспергирование 
610 1 |a питьевая вода 
610 1 |a водоочистка 
610 1 |a наноструктурные материалы 
610 1 |a загрязнения 
701 1 |a Немцова  |b О. А.  |c специалист в области экологии и безопасности жизнедеятельности  |c ассистент кафедры Томского политехнического университета  |f 1983-  |g Ольга Александровна  |3 (RuTPU)RU\TPU\pers\33498 
701 1 |a Лемачко  |b А. Н. 
701 1 |a Мартемьянов  |b Д. В.  |c химик  |c инженер-исследователь Томского политехнического университета  |f 1978-  |g Дмитрий Владимирович  |3 (RuTPU)RU\TPU\pers\30853  |9 15099 
701 1 |a Мухортова  |b Ю. Р.  |c химик-технолог  |c инженер Томского политехнического университета  |f 1976-  |g Юлия Руслановна  |3 (RuTPU)RU\TPU\pers\31881  |9 15953 
701 1 |a Журавков  |b С. П.  |c химик  |c ведущий научный сотрудник, доцент Томского политехнического университета, кандидат химических наук  |f 1961-  |g Сергей Петрович  |3 (RuTPU)RU\TPU\pers\28225  |9 13178 
712 0 2 |a Национальный исследовательский Томский политехнический университет (ТПУ)  |b Институт неразрушающего контроля (ИНК)  |b Кафедра экологии и безопасности жизнедеятельности (ЭБЖ)  |3 (RuTPU)RU\TPU\col\18720 
712 0 2 |a Национальный исследовательский Томский политехнический университет (ТПУ)  |b Институт физики высоких технологий (ИФВТ)  |b Лаборатория № 12  |3 (RuTPU)RU\TPU\col\19054 
801 2 |a RU  |b 63413507  |c 20210419  |g RCR 
850 |a 63413507 
856 4 |u http://earchive.tpu.ru/handle/11683/25625 
856 4 |u http://www.lib.tpu.ru/fulltext/c/2014/C15/V2/041.pdf 
942 |c CF